000 00289nam a22001337a 4500
008 181105b xxu||||| |||| 00| 0 eng d
020 _a9781457640469
041 _aeng
080 _25 TH
_a370
100 _a49
101 _aEDU
245 _aEasy Writer
_cAnderea.a.l
942 _2udc
_cBK
999 _c51779
_d51779